000 00859nam a22002057a 4500
999 _c6834
_d6834
003 AR-CdUCM
008 190319b ||||| |||| 00| 0 spa d
040 _aMUNICIPALIDAD PROVINCIAL DEL CUSCO
_cBIBLIOTECA MUNICIPAL DEL CUSCO
082 _a113 /
_bM32
100 _aMay, Eduard
_919255
245 _aFilosofía Natural /
260 _aMéxico :
_bFondo de cultura económica,
_c1953.
300 _a168 páginas ;
_c18 cm.
505 _aContenido : Los conceptos y problemas e la configuración, del desarrollo y de lo anímico -- Los fenómenos de estructura ( Gestalt) y totalidad y sus problemas -- El concepto de evolución y sus problemas -- El concepto de lo psíquico dentro del marco e la filosofía natural ...
650 _aFilosofía
_9395
650 _aEvolución
_97012
650 _aNaturaleza
_94241
942 _2ddc
_cLIBROS
945 _arah